Phương thức hòa giải tranh chấp giữa chủ và thợ [ của Việt Nam Cộng Hòa ] Luận văn tốt nghiệp Học viện Quốc gia Hành chánh

में बचाया:
ग्रंथसूची विवरण
मुख्य लेखक: Nguyễn Thị Ngân Kiều
स्वरूप: पुस्तक
भाषा:Undetermined
विषय:
टैग : टैग जोड़ें
कोई टैग नहीं, इस रिकॉर्ड को टैग करने वाले पहले व्यक्ति बनें!
Thư viện lưu trữ: Trung tâm Học liệu Trường Đại học Cần Thơ
LEADER 00587nam a2200145Ia 4500
001 CTU_26418
008 210402s9999 xx 000 0 und d
082 |a 334 
082 |b K309 
100 |a Nguyễn Thị Ngân Kiều 
245 0 |a Phương thức hòa giải tranh chấp giữa chủ và thợ [ của Việt Nam Cộng Hòa ] 
245 0 |b Luận văn tốt nghiệp Học viện Quốc gia Hành chánh 
245 0 |c Nguyễn Thị Ngân Kiều 
650 |a civil rights,private law 
980 |a Trung tâm Học liệu Trường Đại học Cần Thơ